Chuyển dịch cơ cấu kinh tế nông nghiệp của tỉnh Hậu Giang - Thực trạng và giải pháp : Luận văn tốt nghiệp Thạc sĩ. Chuyên ngành Kinh tế nông nghiệp
Phân tích và đánh giá thực trạng chuyển dịch cơ cấu kinh tế nông nghiệp của tỉnh trong thời gian qua và các yếu tố ảnh hưởng đến chuyển dịch cơ cấu kinh tế nông nghiệp của địa phương.
Сохранить в:
| Главный автор: | |
|---|---|
| Формат: | |
| Язык: | Undetermined |
| Опубликовано: |
Cần Thơ
Trường Đại học Cần Thơ
2014
|
| Предметы: | |
| Метки: |
Добавить метку
Нет меток, Требуется 1-ая метка записи!
|
| Thư viện lưu trữ: | Trung tâm Học liệu Trường Đại học Cần Thơ |
|---|
| LEADER | 01202nam a2200229Ia 4500 | ||
|---|---|---|---|
| 001 | CTU_198819 | ||
| 008 | 210402s9999 xx 000 0 und d | ||
| 082 | |a 338.16 | ||
| 082 | |b T527 | ||
| 088 | |a 60620115 | ||
| 100 | |a Trần, Ngọc Tuyền | ||
| 245 | 0 | |a Chuyển dịch cơ cấu kinh tế nông nghiệp của tỉnh Hậu Giang - Thực trạng và giải pháp : | |
| 245 | 0 | |b Luận văn tốt nghiệp Thạc sĩ. Chuyên ngành Kinh tế nông nghiệp | |
| 245 | 0 | |c Trần Ngọc Tuyền ; Nguyễn Văn Sánh (Cán bộ hướng dẫn ) | |
| 260 | |a Cần Thơ | ||
| 260 | |b Trường Đại học Cần Thơ | ||
| 260 | |c 2014 | ||
| 520 | |a Phân tích và đánh giá thực trạng chuyển dịch cơ cấu kinh tế nông nghiệp của tỉnh trong thời gian qua và các yếu tố ảnh hưởng đến chuyển dịch cơ cấu kinh tế nông nghiệp của địa phương. | ||
| 650 | |a Nông nghiệp,Agriculture | ||
| 650 | |x Khía cạnh kinh tế,Economic aspects | ||
| 910 | |a Khánh, Hải | ||
| 980 | |a Trung tâm Học liệu Trường Đại học Cần Thơ | ||